| 000 | 01503cam a22003374a 4500 | ||
|---|---|---|---|
| 001 | 14030319 | ||
| 005 | 20070514140019.0 | ||
| 008 | 050708s2005 nyu b 001 0 eng | ||
| 010 | _a2005019633 | ||
| 020 | _a019927861X (alk. paper) | ||
| 020 | _a9780199278619 | ||
| 040 |
_aDLC _cDLC _dDLC |
||
| 042 | _apcc | ||
| 043 | _aa-ja--- | ||
| 050 | 0 | 0 |
_aHC462.95 _b.F63 2005 |
| 082 | 0 | 0 |
_a330.952049 _222 _bFLA |
| 100 | 1 |
_aFlath, David. _95152 |
|
| 245 | 1 | 4 |
_aThe Japanese Economy / _cDavid Flath. |
| 250 | _a2nd ed. | ||
| 260 |
_aOxford, England; _aNew York : _bOxford University Press, _cc2005. |
||
| 300 |
_axviii, 371 p. : _bill. ; _c26 cm. |
||
| 504 | _aIncludes bibliographical references and index. | ||
| 651 | 0 |
_aJapan _xEconomic conditions _y1989- _95153 |
|
| 651 | 0 |
_aJapan _xEconomic policy _y1989- _95154 |
|
| 856 | 4 | 1 |
_3Table of contents only _uhttp://www.loc.gov/catdir/toc/ecip0515/2005019633.html |
| 856 | 4 | 2 |
_3Publisher description _uhttp://www.loc.gov/catdir/enhancements/fy0636/2005019633-d.html |
| 856 | 4 | 2 |
_3Contributor biographical information _uhttp://www.loc.gov/catdir/enhancements/fy0723/2005019633-b.html |
| 942 |
_2ddc _cBB |
||
| 999 |
_c11620 _d11620 |
||